[Event "Mtel Masters"]
[Site "Sofia BUL"]
[Date "2006.05.11"]
[Round "1"]
[White "Svidler, Peter"]
[Black "Topalov, Veselin"]
[Result "1/2-1/2"]
[WhiteElo "2743"]
[BlackElo "2804"]
[EventDate "2006.05.11"]

1.e4 c5 2.Cf3 d6 3.d4 cxd4 4.Cxd4 Cf6 5.Cc3 a6 6.Fe3 e6 7.f3 b5 8.Dd2 b4 
9.Cce2 e5 10.Cb3 Cc6 11.Cg3 Fe6 12.O-O-O Dc7 13.f4 h5 14.h4 a5 15.f5 Fd7 
16.Rb1 Tb8 17.Fe2 Ca7 18.Fxa7 Dxa7 19.Dd3 Fb5 20.Df3 Fc6 21.Cd2 Dc5 22.Cb3
Db6 23.Cd2 Fe7 24.Cc4 Dc5 25.Ce3 a4 26.Fc4 Fd8 27.b3 Fb6 28.Td3 axb3 29.
cxb3 Ta8 30.Tc1 Da5 31.Tc2 Re7 32.Cd5+ Fxd5 33.Fxd5 Tac8 34.Txc8 Txc8 35.
Fc4 Th8 36.Td2 Dc5 37.Dd1 Fa7 38.Tc2 De3 39.Fd3 Fc5 40.Df3 Td8 41.Fe2 Df4 
42.Cxh5 Dxh4 43.Cxf6 gxf6 44.g3 Dg5 45.Dg4 Th8 46.Dxg5 fxg5 47.Fg4 Rf6 48.
Tc1 Th2 49.Tc2 Th6 50.Tc1 Ff2 51.Td1 Rg7 52.Td3 Fd4 53.Rc2 Rf6 54.Td2 Th1 
55.Td1 Th8 56.Rd3 Tc8 57.Re2 Tc3 58.Td3 Tc5 59.Ff3 Re7 60.Td2 Tc3 61.Td3 
Tc8 62.Td2 Th8 63.Rf1 Tc8 64.Re2 Tg8 65.Rf1 Th8 66.Tc2 Fc5 67.Rg2 Rf6 68.
Fe2 Th7 69.Tc1 Th8 70.Tc2 Th7 71.Tc1 Th8 1/2-1/2

[Event "Mtel Masters"]
[Site "Sofia BUL"]
[Date "2006.05.12"]
[Round "2"]
[White "Topalov, Veselin"]
[Black "Anand, Viswanathan"]
[Result "0-1"]
[WhiteElo "2804"]
[BlackElo "2803"]
[EventDate "2006.05.11"]

1.e4 e5 2.Cf3 Cc6 3.Fb5 a6 4.Fa4 Cf6 5.O-O Fe7 6.Te1 b5 7.Fb3 O-O 8.h3 Fb7
9.d3 Te8 10.c3 h6 11.Cbd2 Ff8 12.a3 d6 13.Fa2 Cb8 14.b4 c5 15.Cb3 Cc6 16.
Tb1 Fc8 17.Fe3 Fe6 18.Dc2 Tc8 19.Db2 c4 20.dxc4 Fxc4 21.Cbd2 Fxa2 22.Dxa2 
d5 23.Tbd1 d4 24.cxd4 exd4 25.Cb3 Cxe4 26.Fxd4 Cxd4 27.Txd4 Cg5 28.Ce5 
Cxh3+ 29.gxh3 Dg5+ 30.Rh2 Df5 31.Tde4 Txe5 32.Txe5 Fd6 33.Cc5 Fxe5+ 34.Rg2
Tc6 35.Db3 Tg6+ 36.Rf1 Fg3 0-1

[Event "Mtel Masters"]
[Site "Sofia BUL"]
[Date "2006.05.13"]
[Round "3"]
[White "Ponomariov, Ruslan"]
[Black "Topalov, Veselin"]
[Result "1/2-1/2"]
[WhiteElo "2738"]
[BlackElo "2804"]
[EventDate "2006.05.11"]

1.d4 Cf6 2.c4 e6 3.Cf3 d5 4.Cc3 c6 5.e3 a6 6.c5 b6 7.cxb6 Cbd7 8.Ca4 Cxb6 
9.Fd2 Cxa4 10.Dxa4 Fd7 11.Ce5 Ce4 12.Fa5 c5 13.Cxd7 Dxd7 14.Dxd7+ Rxd7 15.
f3 Cf6 16.Tc1 c4 17.b3 Tb8 18.bxc4 Fb4+ 19.Fxb4 Txb4 20.c5 Tb2 21.a4 Ta8 
22.Fe2 Rc7 23.Tf1 Tab8 24.Tf2 T8b3 25.Fxa6 Txe3+ 26.Rf1 Tb4 27.Ta2 Teb3 
28.Td1 Cg8 29.a5 Ce7 30.Fe2 Cc6 31.a6 Rb8 32.Tad2 Ta3 33.Rf2 g5 34.h4 gxh4
35.Th1 Txd4 36.Tb2+ Rc7 37.Thb1 Ce5 38.Tb8 Rc6 39.Tc8+ Rd7 40.Tg8 Re7 41.
Tb7+ Rf6 42.a7 Tda4 43.c6 Cxc6 44.Fb5 Ta2+ 45.Rg1 Txa7 46.Fxc6 Txb7 47.
Fxb7 h5 48.Rh2 Ta1 49.Fc6 Tc1 50.Fb5 Tb1 51.Fe2 Te1 52.Fa6 Ta1 53.Fd3 Td1 
54.Fh7 d4 55.Tb8 Rg7 56.Tb1 Td2 57.Fe4 f5 58.Fb7 e5 59.Tb5 Rf6 60.f4 e4 
61.Fc8 d3 62.Txf5+ Rg7 63.Tg5+ Rf6 64.Tf5+ Rg7 65.Tg5+ Rf6 66.Tf5+ Rg7 
1/2-1/2

[Event "Mtel Masters"]
[Site "Sofia BUL"]
[Date "2006.05.14"]
[Round "4"]
[White "Bacrot, Etienne"]
[Black "Topalov, Veselin"]
[Result "1/2-1/2"]
[WhiteElo "2708"]
[BlackElo "2804"]
[EventDate "2006.05.11"]

1.d4 Cf6 2.c4 e6 3.Cc3 Fb4 4.Cf3 c5 5.g3 Fxc3+ 6.bxc3 Da5 7.Fd2 O-O 8.Fg2 
Cc6 9.O-O Da6 10.Ce5 d5 11.Dc2 Te8 12.Ff4 cxd4 13.Cxc6 Dxc6 14.cxd4 b6 15.
Tfc1 Fa6 16.cxd5 Dxc2 17.Txc2 Cxd5 18.Fd6 Tac8 19.Tac1 Txc2 20.Txc2 Td8 
21.Fa3 f5 22.e3 Tc8 23.Txc8+ Fxc8 24.Fxd5 exd5 25.Fd6 Rf7 26.Fb8 a6 27.Fc7
b5 28.a3 g5 29.f4 g4 1/2-1/2

[Event "Mtel Masters"]
[Site "Sofia BUL"]
[Date "2006.05.15"]
[Round "5"]
[White "Topalov, Veselin"]
[Black "Kamsky, Gata"]
[Result "1-0"]
[WhiteElo "2804"]
[BlackElo "2671"]
[EventDate "2006.05.11"]

1.d4 d5 2.c4 c6 3.Cf3 Cf6 4.Cc3 a6 5.c5 Cbd7 6.Ff4 Ch5 7.Fd2 Chf6 8.Tc1 g6
9.h3 Dc7 10.g3 Fg7 11.Ff4 Dd8 12.Fg2 Ch5 13.Fg5 h6 14.Fd2 O-O 15.e4 dxe4 
16.Cxe4 Chf6 17.Cc3 Te8 18.O-O Cf8 19.Db3 Ce6 20.Fe3 Cc7 21.Ce5 Cfd5 22.
Cxd5 Cxd5 23.Fd2 Fxe5 24.dxe5 h5 25.Tfe1 Dc7 26.e6 Fxe6 27.Txe6 fxe6 28.
Te1 Dd7 29.Dd3 Rh7 30.Te5 Cf6 31.De3 Rg7 32.Fe4 Rf7 33.Fc2 Tad8 34.Dh6 Tg8
35.Fa5 Dd4 36.Fc3 Dc4 37.Fb3 Dd3 38.Fxe6+ Re8 39.Rg2 Tf8 40.Dg7 Td5 41.Ff5
Tf7 42.Txe7+ 1-0

[Event "Mtel Masters"]
[Site "Sofia BUL"]
[Date "2006.05.17"]
[Round "6"]
[White "Topalov, Veselin"]
[Black "Svidler, Peter"]
[Result "0-1"]
[WhiteElo "2804"]
[BlackElo "2743"]
[EventDate "2006.05.11"]

1.d4 Cf6 2.c4 g6 3.Cc3 d5 4.cxd5 Cxd5 5.e4 Cxc3 6.bxc3 Fg7 7.Fc4 c5 8.Ce2 
Cc6 9.Fe3 O-O 10.O-O Dc7 11.Tc1 Td8 12.Ff4 Dd7 13.d5 Ca5 14.Fd3 b5 15.Tb1 
a6 16.c4 e6 17.Fg5 Te8 18.Dd2 Cxc4 19.Fxc4 bxc4 20.d6 Fb7 21.De3 f6 22.Fh4
g5 23.Fg3 f5 24.Dxg5 Fxe4 25.Tb6 Dd8 26.Dxd8 Taxd8 27.Td1 Td7 28.f3 Fc2 
29.Te1 Fd3 30.Txa6 c3 31.Ta3 Fxe2 32.Txe2 Tb8 33.Tb3 Txb3 34.axb3 Rf7 35.
Rf1 Tb7 36.Ta2 Ff6 37.Re2 c4 38.b4 Txb4 39.Ta7+ Rg6 40.Tc7 c2 41.Rd2 f4 
42.Fe1 Tb1 43.Txc4 Td1+ 44.Rxc2 Txe1 45.Txf4 Te2+ 46.Rd3 Te5 47.Tg4+ Rf7 
48.Ta4 Td5+ 49.Re3 Txd6 50.Ta7+ Rg6 51.Rf4 Td4+ 52.Rg3 Fh4+ 53.Rh3 Ff2 54.
g3 Th4+ 55.Rxh4 Fxa7 56.Rh3 Rf5 57.Rg2 Fe3 58.Rh3 Re5 59.Rg4 Fg1 60.h4 Ff2
61.h5 h6 0-1

[Event "Mtel Masters"]
[Site "Sofia BUL"]
[Date "2006.05.18"]
[Round "7"]
[White "Anand, Viswanathan"]
[Black "Topalov, Veselin"]
[Result "0-1"]
[WhiteElo "2803"]
[BlackElo "2804"]
[EventDate "2006.05.11"]

1.e4 c5 2.Cf3 d6 3.d4 cxd4 4.Cxd4 Cf6 5.Cc3 a6 6.f3 e6 7.Fe3 b5 8.Dd2 b4 
9.Ca4 Cbd7 10.c4 bxc3 11.Cxc3 Fb7 12.Fe2 d5 13.exd5 Cxd5 14.Cxd5 Fxd5 15.
O-O Db8 16.Cf5 De5 17.Cg3 Fb4 18.Dxb4 Dxe3+ 19.Rh1 Tb8 20.Dd6 Tb6 21.Dc7 
Tc6 22.Db7 Tc2 23.Dxa6 O-O 24.b3 Ce5 25.Tae1 Dd2 26.Td1 Df4 27.Fb5 h5 28.
Ce2 De3 29.a4 Tb2 30.Dd6 Tc8 31.Tde1 Cxf3 32.gxf3 Fxf3+ 33.Txf3 Dxf3+ 34.
Rg1 De3+ 35.Rf1 Df3+ 36.Rg1 Dxb3 37.De5 Td8 38.Dc3 Dxc3 39.Cxc3 h4 40.Te4 
Tb3 41.Ce2 g5 42.Te5 Td5 43.Txd5 exd5 44.Fc6 Ta3 45.Cd4 Rg7 46.Fxd5 Td3 
47.Cf5+ Rf6 48.Fe4 Td1+ 49.Rg2 Td2+ 50.Rf3 Txh2 51.Ce3 Ta2 52.Fc6 Ta3 53.
Rf2 Ta1 54.Fd7 Re5 55.Rf3 Ta3 56.Rf2 Re4 57.Fc6+ Rf4 58.Cg2+ Re5 59.Ce3 
Ta2+ 60.Rf3 f5 61.Fd7 h3 0-1

[Event "Mtel Masters"]
[Site "Sofia BUL"]
[Date "2006.05.19"]
[Round "8"]
[White "Topalov, Veselin"]
[Black "Ponomariov, Ruslan"]
[Result "1-0"]
[WhiteElo "2804"]
[BlackElo "2738"]
[EventDate "2006.05.11"]

1.e4 e5 2.Cf3 Cc6 3.Fb5 a6 4.Fa4 Cf6 5.O-O Fe7 6.Te1 b5 7.Fb3 O-O 8.h3 Fb7
9.d3 d6 10.a4 Ca5 11.Fa2 c5 12.Cbd2 Cd7 13.Cf1 Cb6 14.Fd2 b4 15.c3 bxc3 
16.Fxc3 Cc6 17.a5 Cc8 18.Ce3 C8a7 19.Cf5 Fc8 20.Cd2 Tb8 21.f4 Fxf5 22.exf5
exf4 23.Dg4 Cd4 24.Ce4 Cab5 25.Fd2 Cc2 26.Fxf4 Rh8 27.Dh5 Cxe1 28.Txe1 
Dxa5 29.Ta1 Tbd8 30.f6 gxf6 31.Rh2 d5 32.Cxf6 Fxf6 33.d4 Dxa2 34.Txa2 Cxd4
35.b4 Ce6 36.Fe5 Fg7 37.bxc5 Tc8 38.Fd6 Tfd8 39.Ta5 Rg8 40.Txa6 Td7 41.
Dxd5 Ff8 42.Df3 Fxd6+ 43.cxd6 Tcd8 44.Dd5 Cg7 45.Ta8 Ce6 46.Txd8+ Txd8 47.
g4 h6 48.h4 Tb8 49.Rg3 Te8 50.Rf3 Cf8 51.Dd2 Rg7 52.Dd4+ Rg8 53.Df6 Te6 
54.De7 Rg7 55.Dc7 Rg8 56.d7 Cxd7 57.Dxd7 Rg7 58.Dd4+ Rg8 59.Rf4 Tg6 60.Rf5
Te6 61.Dd7 Tg6 62.h5 Tg5+ 63.Rf6 Rh8 64.De8+ Tg8 65.Rxf7 1-0

[Event "Mtel Masters"]
[Site "Sofia BUL"]
[Date "2006.05.20"]
[Round "9"]
[White "Kamsky, Gata"]
[Black "Topalov, Veselin"]
[Result "0-1"]
[WhiteElo "2671"]
[BlackElo "2804"]
[EventDate "2006.05.11"]

1.e4 c5 2.Cf3 d6 3.d4 cxd4 4.Cxd4 Cf6 5.Cc3 a6 6.Fg5 e6 7.f4 Db6 8.Cb3 Fe7
9.Df3 Cbd7 10.O-O-O Dc7 11.Fd3 b5 12.The1 Fb7 13.Dh3 b4 14.Cb1 e5 15.C1d2 
a5 16.Rb1 a4 17.Cc1 O-O 18.Ce2 Tfc8 19.Cg3 g6 20.Cc4 Fa6 21.b3 axb3 22.
cxb3 Cc5 23.Ce2 Cfxe4 24.Fxe7 Dxe7 25.Fxe4 Cxe4 26.Cb6 Da7 27.Cxa8 Txa8 
28.a4 Fxe2 29.Tc1 Df2 0-1

[Event "Mtel Masters"]
[Site "Sofia BUL"]
[Date "2006.05.21"]
[Round "10"]
[White "Topalov, Veselin"]
[Black "Bacrot, Etienne"]
[Result "1-0"]
[WhiteElo "2804"]
[BlackElo "2708"]
[EventDate "2006.05.11"]

1.d4 d5 2.c4 c6 3.Cf3 Cf6 4.Cc3 a6 5.c5 Cbd7 6.Ff4 Ch5 7.Fd2 Chf6 8.Tc1 e5
9.Cxe5 Cxe5 10.dxe5 Cg4 11.Ca4 Cxe5 12.Fc3 f6 13.Cb6 Tb8 14.Cxc8 Txc8 15.
g3 Dd7 16.h4 Df7 17.Fh3 Cd7 18.b4 Td8 19.f4 Fe7 20.h5 g6 21.Db3 Tg8 22.e4 
gxh5 23.exd5 cxd5 24.Rf2 h4 25.Fxd7+ Txd7 26.Txh4 d4 27.Dxf7+ Rxf7 28.Fd2 
Tg7 29.Th5 Ff8 30.c6 bxc6 31.Txc6 d3 32.Txa6 Rg8 33.Th1 Tde7 34.Rf3 Te2 
35.Td1 h5 36.Txf6 h4 37.gxh4 Tgg2 38.Fe3 Fe7 39.Ta6 Txa2 40.b5 Tab2 41.
Txd3 Fxh4 42.Td7 1-0

[Event "XIX Ciudad"]
[Site "Leon ESP"]
[Date "2006.06.10"]
[Round "1.1"]
[White "Topalov, Veselin"]
[Black "Vallejo Pons, Francisco"]
[Result "1-0"]
[WhiteElo "2804"]
[BlackElo "2666"]
[EventDate "2006.06.09"]

1.e4 c6 2.d4 d5 3.Cd2 dxe4 4.Cxe4 Ff5 5.Cg3 Fg6 6.h4 h6 7.Cf3 Cd7 8.h5 Fh7
9.Fd3 Fxd3 10.Dxd3 e6 11.Ff4 Fb4+ 12.c3 Fe7 13.Ce4 Cgf6 14.Cxf6+ Cxf6 15.
Ce5 Da5 16.Dg3 Tg8 17.Dh3 Da6 18.Df3 Td8 19.b4 Cd7 20.Cd3 Dc4 21.Rd2 Dd5 
22.Re2 Cf6 23.Dxd5 cxd5 24.f3 Fd6 25.a4 Re7 26.Fd2 b6 27.g4 a5 28.Thb1 Td7
29.bxa5 bxa5 30.Tb5 Ta8 31.Cc1 Tda7 32.Tab1 Ce8 33.Cd3 Rd7 34.Fe3 Rc8 35.
T1b3 Tb8 36.Txb8+ Fxb8 37.Ce5 Fxe5 38.dxe5 Tb7 39.Txb7 Rxb7 40.Fc5 f6 41.
f4 Rc6 42.Ff8 fxe5 43.fxe5 Rd7 44.Rd3 Rc7 45.Re3 Rc6 46.Rf4 Rd7 47.g5 Rd8 
48.Fxg7 hxg5+ 49.Rxg5 Cxg7 50.h6 Re7 51.h7 1-0

[Event "XIX Ciudad"]
[Site "Leon ESP"]
[Date "2006.06.10"]
[Round "1.2"]
[White "Vallejo Pons, Francisco"]
[Black "Topalov, Veselin"]
[Result "0-1"]
[WhiteElo "2666"]
[BlackElo "2804"]
[EventDate "2006.06.09"]

1.e4 c5 2.Cf3 d6 3.d4 cxd4 4.Cxd4 Cf6 5.Cc3 a6 6.g3 e5 7.Cb3 Fe7 8.Fg2 O-O
9.O-O Fg4 10.Ff3 Fe6 11.a4 Cbd7 12.Te1 Cb6 13.Cd2 Tc8 14.Cf1 Tc5 15.Fe3 
Tc8 16.Fg5 Cc4 17.b3 Cb6 18.Te3 Cbd7 19.Td3 Cc5 20.Fxf6 Fxf6 21.Txd6 De8 
22.Cd5 Fd8 23.b4 Cxa4 24.Cfe3 Fg5 25.Fg4 Fxe3 26.Cxe3 Cb2 27.De2 Fxg4 28.
Dxg4 Cc4 29.Cf5 g6 30.Tf6 Dd8 31.Dg5 Cd2 32.Ch6+ Rg7 33.Cf5+ Rh8 34.Dh4 
0-1

[Event "XIX Ciudad"]
[Site "Leon ESP"]
[Date "2006.06.10"]
[Round "1.3"]
[White "Topalov, Veselin"]
[Black "Vallejo Pons, Francisco"]
[Result "1/2-1/2"]
[WhiteElo "2804"]
[BlackElo "2666"]
[EventDate "2006.06.09"]

1.d4 d5 2.c4 e6 3.Cf3 Cf6 4.Cc3 dxc4 5.e3 a6 6.a4 c5 7.Fxc4 Cc6 8.O-O Fe7 
9.De2 cxd4 10.Td1 O-O 11.Cxd4 Dc7 12.Cxc6 Dxc6 13.e4 b6 14.Fe3 Fb7 15.Fd3 
Fc5 16.Tac1 Tfd8 17.b4 Fxb4 18.Cd5 Cxd5 19.Txc6 Cxe3 20.Txb6 Cxd1 21.Txb7 
Cc3 22.Df3 Ff8 23.g3 Cxa4 24.e5 Txd3 25.Dxd3 Cc5 26.Df3 Cxb7 27.Dxb7 Td8 
28.Dxa6 g5 29.De2 Td5 30.De3 h6 31.Rg2 Fc5 32.De2 Fb4 33.h4 Fc3 34.hxg5 
hxg5 35.De3 Fxe5 36.Dxg5+ Rf8 37.De3 Fd4 38.De4 Re7 39.g4 Fc5 40.Dc4 Rd6 
41.f4 Re7 42.f5 Fd4 43.Rf3 Ff6 44.Dc7+ Re8 45.Dc6+ Re7 46.Dc7+ Re8 47.Dc6+
Re7 48.Re4 1/2-1/2

[Event "XIX Ciudad"]
[Site "Leon ESP"]
[Date "2006.06.10"]
[Round "1.4"]
[White "Vallejo Pons, Francisco"]
[Black "Topalov, Veselin"]
[Result "1-0"]
[WhiteElo "2666"]
[BlackElo "2804"]
[EventDate "2006.06.09"]

1.e4 c5 2.Cf3 e6 3.d4 cxd4 4.Cxd4 a6 5.Cc3 d6 6.g4 Ce7 7.a3 Cbc6 8.Cb3 b5 
9.h4 Fb7 10.Ff4 Ce5 11.Fxe5 dxe5 12.Dxd8+ Txd8 13.Cc5 Tb8 14.Cxb7 Cc6 15.
a4 b4 16.Fxa6 bxc3 17.Fb5 Rd7 18.Ca5 cxb2 19.Td1+ Rc7 20.Cxc6 1-0

[Event "XIX Ciudad"]
[Site "Leon ESP"]
[Date "2006.06.11"]
[Round "2.1"]
[White "Topalov, Veselin"]
[Black "Anand, Viswanathan"]
[Result "1/2-1/2"]
[WhiteElo "2804"]
[BlackElo "2803"]
[EventDate "2006.06.11"]

1.Cf3 c5 2.c4 Cf6 3.g3 d5 4.d4 dxc4 5.Da4+ Fd7 6.Dxc4 Fc6 7.dxc5 e6 8.Cc3 
Cbd7 9.Fe3 Tc8 10.Fg2 Fxc5 11.Fxc5 Fxf3 12.Fxf3 Txc5 13.Db3 b6 14.O-O O-O 
15.Tfd1 Db8 16.Ce4 Tc7 17.Cxf6+ Cxf6 18.Rg2 h6 19.Da4 Td8 20.Df4 Tc2 21.b3
Tdc8 22.Dxb8 Txb8 23.a4 g5 24.Tac1 Tb2 25.Tc7 g4 26.Fc6 Tc2 27.Td4 a5 28.
e4 Ce8 29.Tb7 Txb7 30.Fxb7 Rf8 31.e5 Tc5 32.Txg4 Txe5 33.Th4 Rg7 34.Td4 
Tc5 35.b4 Tc7 36.Ff3 e5 37.Tg4+ Rf8 38.Te4 Cd6 39.Txe5 axb4 40.Te2 Tc4 41.
Td2 Re7 42.Fd5 Tc5 43.Td4 Ta5 44.Fb3 b5 45.Txb4 bxa4 46.Fxa4 Tc5 47.Fb3 
Tb5 48.Txb5 Cxb5 49.f4 f6 50.Rh3 Rf8 51.Rg4 Cd6 52.Rf3 Re7 53.g4 Ce8 54.
Re3 Cd6 55.Rd4 Ce8 56.h4 Cd6 57.Rd5 Ce8 58.Rc6 Cd6 59.Fd5 Ce8 60.Rc5 Cd6 
61.Fc6 Cf7 62.Fe4 Cd6 63.Fd3 Cf7 64.Rd5 Cd6 65.h5 Cf7 66.Fg6 Cd6 67.Rc5 
1/2-1/2

[Event "XIX Ciudad"]
[Site "Leon ESP"]
[Date "2006.06.11"]
[Round "2.2"]
[White "Anand, Viswanathan"]
[Black "Topalov, Veselin"]
[Result "1-0"]
[WhiteElo "2803"]
[BlackElo "2804"]
[EventDate "2006.06.11"]

1.e4 e5 2.Cf3 Cc6 3.Fb5 Cf6 4.O-O Cxe4 5.d4 Cd6 6.Fxc6 dxc6 7.dxe5 Cf5 8.
Dxd8+ Rxd8 9.Cc3 Re8 10.h3 Ce7 11.Te1 Cg6 12.Fd2 Fe7 13.Tad1 Cf8 14.Cd4 
Fc5 15.Cb3 Fb6 16.Fe3 h5 17.Td2 Ce6 18.Ce4 Fxe3 19.Txe3 b6 20.Cd4 Cxd4 21.
Txd4 c5 22.Td2 Ff5 23.Cg5 Re7 24.Tf3 Fe6 25.Cxe6 Rxe6 26.Tfd3 Rxe5 27.Te3+
Rf6 28.Td7 Thf8 29.Txc7 g5 30.Rf1 h4 31.a4 Rg6 32.Tee7 Tad8 33.Re2 a5 34.
Tc6+ f6 35.Txb6 Td4 36.b3 c4 37.Tee6 cxb3 38.cxb3 Rf5 39.Te3 Tc8 40.Tf3+ 
Re4 41.Te6+ Rd5 42.Tfxf6 Tc2+ 43.Rf1 Td1+ 44.Te1 Tdd2 45.Rg1 Tb2 46.Tf5+ 
Rd4 47.Txg5 Txf2 48.Tg4+ Rd3 49.Te5 Tfc2 50.Txa5 1-0

[Event "XIX Ciudad"]
[Site "Leon ESP"]
[Date "2006.06.11"]
[Round "2.3"]
[White "Topalov, Veselin"]
[Black "Anand, Viswanathan"]
[Result "1/2-1/2"]
[WhiteElo "2804"]
[BlackElo "2803"]
[EventDate "2006.06.11"]

1.e4 e5 2.Cf3 Cc6 3.Fb5 a6 4.Fa4 Cf6 5.O-O Fe7 6.d3 b5 7.Fb3 O-O 8.a4 Tb8 
9.axb5 axb5 10.Cc3 d6 11.Cd5 Cxd5 12.exd5 Cd4 13.Cxd4 exd4 14.Fd2 Fd7 15.
Ta7 Ta8 16.Da1 Db8 17.Txa8 Dxa8 18.Da5 Dxa5 19.Fxa5 Tc8 20.Ta1 Ta8 21.Rf1 
Rf8 22.Ta2 Ta7 23.Re2 f5 24.f4 Ff6 25.Rd1 h6 26.g3 g5 27.Fd2 Txa2 28.Fxa2 
gxf4 29.gxf4 Fe8 30.Fa5 Fd8 31.c4 dxc3 32.Fxc3 Ff7 33.d4 c6 34.Fb1 Fxd5 
35.Fxf5 Ff6 36.Rd2 c5 1/2-1/2

[Event "XIX Ciudad"]
[Site "Leon ESP"]
[Date "2006.06.11"]
[Round "2.4"]
[White "Anand, Viswanathan"]
[Black "Topalov, Veselin"]
[Result "1/2-1/2"]
[WhiteElo "2803"]
[BlackElo "2804"]
[EventDate "2006.06.11"]

1.e4 c5 2.Cf3 d6 3.d4 cxd4 4.Cxd4 Cf6 5.Cc3 a6 6.Fe2 Cbd7 7.O-O g6 8.Fe3 
b6 9.Cd5 Fb7 10.c4 e5 11.Cc2 Fxd5 12.exd5 Fg7 13.Cb4 O-O 14.Cc6 Dc7 15.b4 
h5 16.a4 a5 17.bxa5 bxa5 18.Tb1 Ce4 19.Dc2 f5 20.Tb5 Rh7 21.Tfb1 Cec5 22.
Fd2 e4 23.Fxa5 Dc8 24.Fb4 De8 25.a5 f4 26.Te1 Df7 27.Fxc5 Cxc5 28.Txc5 
dxc5 29.Dxe4 Tfe8 30.Df3 Df6 31.Td1 Dd6 32.Tb1 Dc7 33.Fd3 Rh6 34.h4 Ff8 
35.g4 fxg3 36.Df6 gxf2+ 37.Rg2 Dg7 38.Dg5+ Rh7 39.Dxh5+ Rg8 40.Dxg6 Dxg6+ 
41.Fxg6 Te1 42.Rxf2 Txb1 43.Fxb1 Fd6 44.Re3 Rg7 45.h5 Fc7 46.Fe4 Rh6 47.
Fg6 Rg5 48.Re4 Ta6 49.Fe8 Ta8 50.Fg6 Fd6 51.Re3 Ff4+ 52.Rf3 Fh2 53.Re3 Fd6
54.Re4 Fc7 55.Re3 Rf6 56.Re4 Fg3 57.Rf3 Fd6 58.Re3 Ta6 59.Re4 Fc7 60.Fe8 
Ta8 61.Fg6 Rg5 1/2-1/2

[Event "World Championship"]
[Site "Elista RUS"]
[Date "2006.09.23"]
[Round "1"]
[White "Kramnik, Vladimir"]
[Black "Topalov, Veselin"]
[Result "1-0"]
[WhiteElo "2743"]
[BlackElo "2813"]
[EventDate "2006.09.23"]

1.d4 Cf6 2.c4 e6 3.Cf3 d5 4.g3 dxc4 5.Fg2 Fb4+ 6.Fd2 a5 7.Dc2 Fxd2+ 8.Dxd2
c6 9.a4 b5 10.axb5 cxb5 11.Dg5 O-O 12.Dxb5 Fa6 13.Da4 Db6 14.O-O Dxb2 15.
Cbd2 Fb5 16.Cxc4 Fxa4 17.Cxb2 Fb5 18.Ce5 Ta7 19.Ff3 Cbd7 20.Cec4 Tb8 21.
Tfb1 g5 22.e3 g4 23.Fd1 Fc6 24.Tc1 Fe4 25.Ca4 Tb4 26.Cd6 Ff3 27.Fxf3 gxf3 
28.Cc8 Ta8 29.Ce7+ Rg7 30.Cc6 Tb3 31.Cc5 Tb5 32.h3 Cxc5 33.Txc5 Tb2 34.
Tg5+ Rh6 35.Tgxa5 Txa5 36.Cxa5 Ce4 37.Tf1 Cd2 38.Tc1 Ce4 39.Tf1 f6 40.Cc6 
Cd2 41.Td1 Ce4 42.Tf1 Rg6 43.Cd8 Tb6 44.Tc1 h5 45.Ta1 h4 46.gxh4 Rh5 47.
Ta2 Rxh4 48.Rh2 Rh5 49.Tc2 Rh6 50.Ta2 Rg6 51.Tc2 Rf5 52.Ta2 Tb5 53.Cc6 Tb7
54.Ta5+ Rg6 55.Ta2 Rh5 56.d5 e5 57.Ta4 f5 58.Cxe5 Tb2 59.Cd3 Tb7 60.Td4 
Tb6 61.d6 Cxd6 62.Rg3 Ce4+ 63.Rxf3 Rg5 64.h4+ Rf6 65.Td5 Cc3 66.Td8 Tb1 
67.Tf8+ Re6 68.Cf4+ Re5 69.Te8+ Rf6 70.Ch5+ Rg6 71.Cg3 Tb2 72.h5+ Rf7 73.
Te5 Cd1 74.Ce2 Rf6 75.Td5 1-0

[Event "World Championship"]
[Site "Elista RUS"]
[Date "2006.09.24"]
[Round "2"]
[White "Topalov, Veselin"]
[Black "Kramnik, Vladimir"]
[Result "0-1"]
[WhiteElo "2813"]
[BlackElo "2743"]
[EventDate "2006.09.23"]

1.d4 d5 2.c4 c6 3.Cc3 Cf6 4.Cf3 dxc4 5.a4 Ff5 6.e3 e6 7.Fxc4 Fb4 8.O-O 
Cbd7 9.De2 Fg6 10.e4 O-O 11.Fd3 Fh5 12.e5 Cd5 13.Cxd5 cxd5 14.De3 Fg6 15.
Cg5 Te8 16.f4 Fxd3 17.Dxd3 f5 18.Fe3 Cf8 19.Rh1 Tc8 20.g4 Dd7 21.Tg1 Fe7 
22.Cf3 Tc4 23.Tg2 fxg4 24.Txg4 Txa4 25.Tag1 g6 26.h4 Tb4 27.h5 Db5 28.Dc2 
Txb2 29.hxg6 h5 30.g7 hxg4 31.gxf8=D+ Fxf8 32.Dg6+ Fg7 33.f5 Te7 34.f6 De2
35.Dxg4 Tf7 36.Tc1 Tc2 37.Txc2 Dd1+ 38.Rg2 Dxc2+ 39.Rg3 De4 40.Ff4 Df5 41.
Dxf5 exf5 42.Fg5 a5 43.Rf4 a4 44.Rxf5 a3 45.Fc1 Ff8 46.e6 Tc7 47.Fxa3 Fxa3
48.Re5 Tc1 49.Cg5 Tf1 50.e7 Te1+ 51.Rxd5 Fxe7 52.fxe7 Txe7 53.Rd6 Te1 54.
d5 Rf8 55.Ce6+ Re8 56.Cc7+ Rd8 57.Ce6+ Rc8 58.Re7 Th1 59.Cg5 b5 60.d6 Td1 
61.Ce6 b4 62.Cc5 Te1+ 63.Rf6 Te3 0-1

[Event "World Championship"]
[Site "Elista RUS"]
[Date "2006.09.26"]
[Round "3"]
[White "Kramnik, Vladimir"]
[Black "Topalov, Veselin"]
[Result "1/2-1/2"]
[WhiteElo "2743"]
[BlackElo "2813"]
[EventDate "2006.09.23"]

1.d4 Cf6 2.c4 e6 3.Cf3 d5 4.g3 dxc4 5.Fg2 Cc6 6.Da4 Fd7 7.Dxc4 Ca5 8.Dd3 
c5 9.O-O Fc6 10.Cc3 cxd4 11.Cxd4 Fc5 12.Td1 Fxg2 13.Db5+ Cd7 14.Rxg2 a6 
15.Dd3 Tc8 16.Fg5 Fe7 17.Fxe7 Dxe7 18.Tac1 Cc4 19.Ca4 b5 20.b3 O-O 21.bxc4
bxa4 22.Cc6 Txc6 23.Dxd7 Dc5 24.Tc3 g6 25.Tb1 h5 26.Tb7 e5 27.e4 Tf6 28.
Tc2 Da3 29.Dd1 Td6 30.Td2 Tfd8 31.Td5 Txd5 32.cxd5 Dxa2 33.Df3 Tf8 34.Dd3 
a3 35.Tb3 f5 36.Dxa6 Dxb3 37.Dxg6+ Rh8 38.Dh6+ Rg8 1/2-1/2

[Event "World Championship"]
[Site "Elista RUS"]
[Date "2006.09.27"]
[Round "4"]
[White "Topalov, Veselin"]
[Black "Kramnik, Vladimir"]
[Result "1/2-1/2"]
[WhiteElo "2813"]
[BlackElo "2743"]
[EventDate "2006.09.23"]

1.d4 d5 2.c4 c6 3.Cc3 Cf6 4.e3 e6 5.Cf3 Cbd7 6.Fd3 dxc4 7.Fxc4 b5 8.Fd3 
Fb7 9.a3 b4 10.Ce4 Cxe4 11.Fxe4 bxa3 12.O-O Fd6 13.b3 Cf6 14.Cd2 Dc7 15.
Ff3 Fxh2+ 16.Rh1 Fd6 17.Cc4 Fe7 18.Fxa3 O-O 19.Fxe7 Dxe7 20.Ta5 Tfd8 21.
Rg1 c5 22.Txc5 Ce4 23.Fxe4 Fxe4 24.Dg4 Fd3 25.Ta1 Tac8 26.Taa5 Tb8 27.Dd1 
Fe4 28.Da1 Tb7 29.Cd2 Fg6 30.Dc3 h6 31.Ta6 Rh7 32.Cc4 Fe4 33.f3 Fd5 34.Cd2
Tdb8 35.Dd3+ f5 36.Tc3 Dh4 37.Ta1 Dg3 38.Dc2 Tf7 39.Tf1 Dg6 40.Dd3 Dg3 41.
Tfc1 Tfb7 42.Dc2 Dg5 43.Ta1 Df6 44.Dd3 Td7 45.Ta4 Tbd8 46.Tc5 Rg8 47.Cc4 
Fxc4 48.Taxc4 f4 49.Tc6 fxe3 50.Dxe3 Txd4 51.Txe6 Dh4 52.Txd4 Dxd4 53.Te8+
Rh7 54.Dxd4 1/2-1/2

[Event "World Championship"]
[Site "Elista RUS"]
[Date "2006.10.02"]
[Round "6"]
[White "Topalov, Veselin"]
[Black "Kramnik, Vladimir"]
[Result "1/2-1/2"]
[WhiteElo "2813"]
[BlackElo "2743"]
[EventDate "2006.09.23"]

1.d4 d5 2.c4 c6 3.Cf3 Cf6 4.Cc3 dxc4 5.a4 Ff5 6.Ce5 e6 7.f3 c5 8.e4 Fg6 9.
Fe3 cxd4 10.Dxd4 Dxd4 11.Fxd4 Cfd7 12.Cxd7 Cxd7 13.Fxc4 a6 14.Re2 Tg8 15.
Thd1 Tc8 16.b3 Fc5 17.a5 Re7 18.Ca4 Fb4 19.Cb6 Cxb6 20.Fxb6 f6 21.Td3 Tc6 
22.h4 Tgc8 23.g4 Fc5 24.Tad1 Fxb6 25.Td7+ Rf8 26.axb6 Txb6 27.T1d6 Txd6 
28.Txd6 Tc6 29.Txc6 bxc6 30.b4 e5 31.Fxa6 1/2-1/2

[Event "World Championship"]
[Site "Elista RUS"]
[Date "2006.10.04"]
[Round "7"]
[White "Topalov, Veselin"]
[Black "Kramnik, Vladimir"]
[Result "1/2-1/2"]
[WhiteElo "2813"]
[BlackElo "2743"]
[EventDate "2006.09.23"]

1.d4 d5 2.c4 c6 3.Cf3 Cf6 4.e3 e6 5.Fd3 dxc4 6.Fxc4 c5 7.O-O a6 8.Fb3 cxd4
9.exd4 Cc6 10.Cc3 Fe7 11.Te1 O-O 12.a4 Fd7 13.Ce5 Fe8 14.Fe3 Tc8 15.Tc1 
Cb4 16.Df3 Fc6 17.Dh3 Fd5 18.Cxd5 Cbxd5 19.Tcd1 Tc7 20.Fg5 Dc8 21.Df3 Td8 
22.h4 h6 23.Fc1 Fb4 24.Tf1 Fd6 25.g3 b6 26.De2 Ce7 27.Tfe1 Fxe5 28.dxe5 
Txd1 29.Dxd1 Cfd5 30.Fd2 Tc5 31.Dg4 Cf5 32.De4 b5 33.h5 bxa4 34.Dxa4 Tb5 
35.Tc1 Db7 36.Fc2 Cb6 37.Dg4 Txb2 38.Fe4 Dd7 39.Fe1 Cd5 40.Fd3 Cb4 41.Ff1 
Cd3 42.Dd1 Cxe5 43.Dxd7 Cxd7 44.Tc8+ Rh7 45.Tc7 Tb1 46.Txd7 Txe1 47.Txf7 
a5 48.Rg2 Rg8 49.Ta7 Te5 50.g4 Cd6 51.Fd3 Rf8 52.Fg6 Td5 53.f3 e5 54.Rf2 
Td2+ 55.Re1 Td5 56.Re2 Tb5 57.Td7 Td5 58.Ta7 Tb5 59.Fd3 Td5 60.Fg6 1/2-1/2

[Event "World Championship"]
[Site "Elista RUS"]
[Date "2006.10.05"]
[Round "8"]
[White "Kramnik, Vladimir"]
[Black "Topalov, Veselin"]
[Result "0-1"]
[WhiteElo "2743"]
[BlackElo "2813"]
[EventDate "2006.09.23"]

1.d4 d5 2.c4 c6 3.Cf3 Cf6 4.Cc3 e6 5.e3 Cbd7 6.Fd3 dxc4 7.Fxc4 b5 8.Fe2 
Fb7 9.O-O b4 10.Ca4 c5 11.dxc5 Cxc5 12.Fb5+ Ccd7 13.Ce5 Dc7 14.Dd4 Td8 15.
Fd2 Da5 16.Fc6 Fe7 17.Tfc1 Fxc6 18.Cxc6 Dxa4 19.Cxd8 Fxd8 20.Dxb4 Dxb4 21.
Fxb4 Cd5 22.Fd6 f5 23.Tc8 C5b6 24.Tc6 Fe7 25.Td1 Rf7 26.Tc7 Ta8 27.Tb7 Re8
28.Fxe7 Rxe7 29.Tc1 a5 30.Tc6 Cd5 31.h4 h6 32.a4 g5 33.hxg5 hxg5 34.Rf1 g4
35.Re2 Cf6 36.b3 Ce8 37.f3 g3 38.Tc1 Cf6 39.f4 Rd6 40.Rf3 Cd5 41.Rxg3 Cc5 
42.Tg7 Tb8 43.Ta7 Tg8+ 44.Rf3 Ce4 45.Ta6+ Re7 46.Txa5 Tg3+ 47.Re2 Txe3+ 
48.Rf1 Txb3 49.Ta7+ Rf6 50.Ta8 Cxf4 51.Ta1 Tb2 52.a5 Tf2+ 0-1